00393nam a2200157Ia 4500008004100000020001500041041001200056082001100068100001600079245004900095250000800144260003900152300000800191650001600199700002000215221030s9999 xx 000 0 und d a8177586886 aEnglish a105.23 aT. W. Pratt 0aProgramming Language Design & Implementation a4th bPearson EdcuationaNew Delhic2008 a590 aBE Computer aM. V. Zelkowitz